000 00674nam a2200193 a 4500
001 000040565
005 20201002034222.0
008 130902s2006 sp 000 0 spa d
020 _a8420667447
040 _aDO-SdBNP
_bspa
_cBNPHU
100 1 _aMoreno Cabrera, Juan Carlos
_966887
245 1 3 _aLa Dignidad e igualdad de las lenguas :
_bcrítica de la discriminación linguística /
_cJuan Carlos Moreno Cabrera.
250 _a4a reimp.
260 _aMadrid :
_bAlianza Editorial,
_c2006.
300 _a316 p. ;
_c21 cm.
500 _aIncluye índice de autores e índice de lenguas
500 _aIncluye notas al pie de las páginas
504 _aBibliografía : 299-308
999 _c40055
_d40055